[Event "POL-ch U20"]
[Site "Karpacz"]
[Date "2022.11.27"]
[Round "9"]
[White "Maciejewski, Kamil"]
[Black "Dalkowski, Rafal"]
[Result "0-1"]
[WhiteElo "2011"]
[BlackElo "2084"]
[PlyCount "100"]
[EventDate "2022.11.19"]
[EventType "swiss"]
[EventRounds "9"]
[EventCountry "POL"]
[SourceTitle "EXT 2024"]
[Source "ChessBase"]
[SourceDate "2023.10.10"]
[SourceVersion "1"]
[SourceVersionDate "2023.10.10"]
[SourceQuality "1"]

1. b3 d5 2. Bb2 Nf6 3. Nf3 Bg4 4. e3 Nbd7 5. c4 e6 6. h3 Bxf3 7. Qxf3 c6 8. Be2 Bd6 9. cxd5 exd5 10. 0-0 0-0 11. Qf5 Qe7 12. Bd3 Rfe8 13. Nc3 h6 14. Be2 Rad8 15. d4 Bb8 16. Qf3 h5 17. h4 Ng4 18. g3 Ndf6 19. Rad1 g6 20. Bd3 Qc7 21. Ne2 Qa5 22. Nc3 Re6 23. e4 dxe4 24. Nxe4 Nxe4 25. Bxe4 Rde8 26. Bd3 Qxa2 27. Rd2 Qxb3 28. d5 Qxd5 29. Qxd5 cxd5 30. Bb5 Rd8 31. Rfd1 Be5 32. Bc4 Bxb2 33. Rxb2 Red6 34. Rbd2 d4 35. Re2 Kg7 36. Rb1 b6 37. Bb5 Re6 38. Rd2 Ne5 39. Kg2 Kf6 40. Rbd1 Red6 41. Rc1 Rd5 42. Ba4 Rc5 43. Rcd1 b5 44. Bb3 Rc3 45. Ba2 d3 46. Bb1 a5 47. f4 Nc4 48. Rxd3 Rdxd3 49. Rxd3 Rxd3 50. Bxd3 a4 0-1

[Event "POL-ch U20"]
[Site "Karpacz"]
[Date "2022.11.23"]
[Round "5"]
[White "Walaszczyk, Aleksander"]
[Black "Maciejewski, Kamil"]
[Result "0-1"]
[WhiteElo "1656"]
[BlackElo "2011"]
[PlyCount "86"]
[EventDate "2022.11.19"]
[EventType "swiss"]
[EventRounds "9"]
[EventCountry "POL"]
[SourceTitle "EXT 2024"]
[Source "ChessBase"]
[SourceDate "2023.10.10"]
[SourceVersion "1"]
[SourceVersionDate "2023.10.10"]
[SourceQuality "1"]

1. e4 c5 2. Nf3 g6 3. c4 Bg7 4. d4 cxd4 5. Nxd4 Nc6 6. Nc2 Nf6 7. Nc3 d6 8. Be2 Be6 9. Be3 0-0 10. Qd2 a5 11. 0-0 a4 12. b3 Qa5 13. Rab1 axb3 14. axb3 Ng4 15. Bxg4 Bxc3 16. Qe2 Bxg4 17. Qxg4 Qa2 18. Qd1 e5 19. Bh6 Rfe8 20. Qf3 Bd2 21. Ne3 Re6 22. g4 Nd4 23. Qd1 f6 24. Kh1 Kf7 25. g5 f5 26. Nd5 Ba5 27. b4 Bd8 28. Ra1 Qxa1 29. Qxa1 Rxa1 30. Rxa1 Nc6 31. Ra8 Re8 32. b5 Na5 33. b6 Nxc4 34. Ra7 fxe4 35. Rxb7+ Ke6 36. Nc7+ Bxc7 37. Rxc7 Nxb6 38. Rxh7 Nd5 39. Kg2 Nf4+ 40. Kf1 d5 41. Ra7 Rb8 42. Ke1 Rb1+ 43. Kd2 Rb2+ 0-1

[Event "POL-ch U20"]
[Site "Karpacz"]
[Date "2022.11.21"]
[Round "3"]
[White "Kraczek, Cezary"]
[Black "Maciejewski, Kamil"]
[Result "1/2-1/2"]
[WhiteElo "1743"]
[BlackElo "2011"]
[PlyCount "151"]
[EventDate "2022.11.19"]
[EventType "swiss"]
[EventRounds "9"]
[EventCountry "POL"]
[SourceTitle "EXT 2024"]
[Source "ChessBase"]
[SourceDate "2023.10.10"]
[SourceVersion "1"]
[SourceVersionDate "2023.10.10"]
[SourceQuality "1"]

1. e4 c5 2. Nf3 Nc6 3. d4 cxd4 4. Nxd4 g6 5. Nc3 Bg7 6. Be3 Nf6 7. Nxc6 bxc6 8. e5 Nd5 9. Nxd5 cxd5 10. Qxd5 Rb8 11. Bc4 0-0 12. 0-0 Bb7 13. Qd3 Qc7 14. f4 Rbc8 15. Bb3 Qc6 16. Rf2 d6 17. Bd4 dxe5 18. fxe5 e6 19. Qe3 a6 20. c3 Rfd8 21. a4 Qe8 22. Raf1 Rd7 23. Qh3 Bd5 24. Bd1 Rb8 25. Qe3 a5 26. Re1 Rdb7 27. Qc1 Bb3 28. Qa1 Qc6 29. Bf3 Bd5 30. Bxd5 Qxd5 31. Ree2 Qc4 32. h3 Rd7 33. Kh1 Rbd8 34. Kh2 Rd5 35. Qf1 R8d7 36. Re4 Qc6 37. Qe2 Qxa4 38. Qa6 Qb5 39. Qc8+ Rd8 40. Qc7 R8d7 41. Qc8+ Rd8 42. Qc7 R5d7 43. Qc5 Qb7 44. Ree2 Rd5 45. Qc4 Qb8 46. g3 Bxe5 47. Bxe5 Rxe5 48. Qf4 Rf5 49. Qxb8 Rxf2+ 50. Kg1 Rxb8 51. Kxf2 Kf8 52. Ke3 Ke7 53. Kd4 Kd6 54. Kc4 Kc6 55. b4 axb4 56. cxb4 Rb5 57. g4 h5 58. Rf2 hxg4 59. hxg4 f5 60. Re2 e5 61. gxf5 gxf5 62. Rh2 Rb8 63. Rh6+ Kd7 64. Kd5 Rb5+ 65. Kc4 Rb8 66. Kd5 Re8 67. Rh7+ Kc8 68. Rf7 f4 69. Ke4 Kd8 70. Ra7 Re7 71. Ra8+ Kc7 72. Ra7+ Kd6 73. Ra6+ Kd7 74. Ra7+ Ke6 75. Ra6+ Kf7 76. b5 1/2-1/2

[Event "Ustron op-B"]
[Site "Ustron"]
[Date "2022.08.19"]
[Round "8"]
[White "Galuszka, Tomasz"]
[Black "Maciejewski, Kamil"]
[Result "1-0"]
[WhiteElo "2156"]
[BlackElo "1992"]
[PlyCount "117"]
[EventDate "2022.08.12"]
[EventType "swiss"]
[EventRounds "9"]
[EventCountry "POL"]
[SourceTitle "CBM 209 Extra"]
[Source "ChessBase"]
[SourceDate "2022.09.30"]
[SourceVersion "1"]
[SourceVersionDate "2022.09.30"]
[SourceQuality "1"]

1. e4 e5 2. Nf3 Nc6 3. Bb5 a6 4. Bxc6 dxc6 5. d3 f6 6. Be3 Bd6 7. Nbd2 c5 8. Nc4 Ne7 9. Nfd2 Be6 10. a4 b6 11. Qh5+ Bf7 12. Qg4 0-0 13. 0-0 Qc8 14. Qg3 Nc6 15. Kh1 Nd4 16. c3 Ne6 17. Nxd6 cxd6 18. f4 exf4 19. Bxf4 Nxf4 20. Rxf4 Be6 21. Raf1 Kh8 22. Rh4 Qd7 23. Qg6 h6 24. Rhf4 Bf7 25. Qg3 Qe7 26. h3 Rad8 27. c4 Kh7 28. Nb1 Be6 29. Nc3 Qe8 30. b3 Qg6 31. Qf2 Rd7 32. Ne2 Qg5 33. Ng3 Qg6 34. h4 Re8 35. Qf3 Rf8 36. Kh2 Qe8 37. Qh5 Qxh5 38. Nxh5 Rb7 39. R4f2 b5 40. axb5 axb5 41. Ra1 bxc4 42. bxc4 Rb3 43. Nf4 Bf7 44. h5 Rfb8 45. Ra7 R8b7 46. Rfa2 Kg8 47. Rxb7 Rxb7 48. Ra8+ Kh7 49. Rd8 Rb6 50. Kg3 Ra6 51. Kg4 Rb6 52. Kf5 Ra6 53. Ng6 Bg8 54. g3 Rb6 55. Nf8+ Kh8 56. Ne6 Rc6 57. Kg6 Ra6 58. Nxg7 Ra7 59. Nf5 1-0

[Event "Ustron op-B"]
[Site "Ustron"]
[Date "2022.08.18"]
[Round "7"]
[White "Maciejewski, Kamil"]
[Black "Maslanka, Wojciech"]
[Result "1/2-1/2"]
[WhiteElo "1992"]
[BlackElo "2089"]
[PlyCount "79"]
[EventDate "2022.08.12"]
[EventType "swiss"]
[EventRounds "9"]
[EventCountry "POL"]
[SourceTitle "CBM 209 Extra"]
[Source "ChessBase"]
[SourceDate "2022.09.30"]
[SourceVersion "1"]
[SourceVersionDate "2022.09.30"]
[SourceQuality "1"]

1. Nf3 Nf6 2. c4 e6 3. g3 d5 4. cxd5 exd5 5. Bg2 Be7 6. 0-0 0-0 7. d3 c5 8. d4 Nc6 9. Nc3 Bg4 10. Be3 c4 11. Ne5 Be6 12. Qd2 Bb4 13. Bg5 h6 14. Bxf6 Qxf6 15. f4 Rad8 16. e3 Nxe5 17. dxe5 Qg6 18. Qf2 Bxc3 19. bxc3 Bf5 20. Rfd1 Bd3 21. Bf1 Be4 22. Rd4 f6 23. exf6 Qxf6 24. Bg2 Bxg2 25. Kxg2 Rfe8 26. Qd2 Qf5 27. Rd1 Re4 28. Kf2 Qh5 29. h4 Rxd4 30. Qxd4 g5 31. Qf6 Qxd1 32. Qxd8+ Kf7 33. Qd7+ Kg6 34. Qe6+ Kh5 35. Qf7+ Kg4 36. Qe6+ Kh5 37. Qe8+ Kg4 38. Qd7+ Kh5 39. Qf7+ Kg4 40. Qe6+ 1/2-1/2

[Event "Krakow op-B"]
[Site "Krakow"]
[Date "2022.07.02"]
[Round "9"]
[White "Maciejewski, Kamil"]
[Black "Malik, Maciej"]
[Result "1/2-1/2"]
[WhiteElo "1935"]
[BlackElo "1984"]
[PlyCount "200"]
[EventDate "2022.06.25"]
[EventType "swiss"]
[EventRounds "9"]
[EventCountry "POL"]
[SourceTitle "EXT 2023"]
[Source "ChessBase"]
[SourceDate "2022.10.05"]
[SourceVersion "1"]
[SourceVersionDate "2022.10.05"]
[SourceQuality "1"]

1. Nf3 g6 2. g3 Bg7 3. d4 d6 4. b3 Nf6 5. Bb2 Nbd7 6. Bg2 0-0 7. 0-0 e5 8. dxe5 Ng4 9. c4 Ngxe5 10. Nxe5 Nxe5 11. Nc3 Rb8 12. Qd2 Bd7 13. Nd5 Bc6 14. f4 Nd7 15. Bxg7 Kxg7 16. Qd4+ f6 17. Qxa7 Nc5 18. Qa5 Bxd5 19. cxd5 Qe7 20. Qd2 Rfe8 21. Bf3 Ra8 22. Rac1 Qe3+ 23. Qxe3 Rxe3 24. Rc2 f5 25. Rfc1 Kf6 26. Kf2 Re7 27. b4 Na6 28. a3 Ra7 29. e3 b5 30. Be2 Rb7 31. Rb2 Nb8 32. Bd3 Kf7 33. Rbc2 Ke8 34. h3 Kd8 35. g4 fxg4 36. hxg4 Nd7 37. g5 Nf8 38. Kf3 Rf7 39. e4 Nd7 40. Kg4 Re7 41. Rh1 Ke8 42. Rch2 Nf8 43. Re1 Nd7 44. Rhe2 Kf8 45. e5 dxe5 46. fxe5 Rb8 47. e6 Nb6 48. Bxb5 Nxd5 49. Bc4 Nb6 50. Rf2+ Kg7 51. Bb3 Nc8 52. Rf7+ Rxf7 53. exf7 Nd6 54. Re7 c6 55. Rc7 Nb5 56. f8Q+ Kxf8 57. Rxh7 Rb6 58. Rh8+ Ke7 59. Ra8 Nxa3 60. Rxa3 Rxb4+ 61. Kf3 Rb5 62. Ba4 Rxg5 63. Bxc6 Re5 64. Be4 Kf6 65. Kf4 Re6 66. Rg3 Kg7 67. Rg4 Kh6 68. Rh4+ Kg7 69. Ke3 Rd6 70. Bd3 Kf6 71. Rg4 Kg7 72. Ke4 Kf6 73. Rg3 Re6+ 74. Kd5 Re5+ 75. Kd6 Rg5 76. Rf3+ Kg7 77. Ke6 Rg1 78. Rf7+ Kh6 79. Be4 Rg4 80. Ke5 Rg5+ 81. Kf6 Rg4 82. Re7 Rf4+ 83. Ke5 Rf1 84. Re6 Rg1 85. Kf6 Rf1+ 86. Ke7 Rg1 87. Kf7 Rf1+ 88. Kg8 Rg1 89. Rf6 Kh5 90. Kg7 g5 91. Rh6+ Kg4 92. Kf6 Kf4 93. Bf5 Ra1 94. Rh2 Ra6+ 95. Be6 g4 96. Rh4 Kf3 97. Ke5 Rxe6+ 98. Kxe6 g3 99. Kf5 g2 100. Rg4 Kf2 1/2-1/2

[Event "Krakow op-B"]
[Site "Krakow"]
[Date "2022.07.01"]
[Round "8"]
[White "Owoc, Jakub"]
[Black "Maciejewski, Kamil"]
[Result "0-1"]
[WhiteElo "1804"]
[BlackElo "1935"]
[PlyCount "172"]
[EventDate "2022.06.25"]
[EventType "swiss"]
[EventRounds "9"]
[EventCountry "POL"]
[SourceTitle "EXT 2023"]
[Source "ChessBase"]
[SourceDate "2022.10.05"]
[SourceVersion "1"]
[SourceVersionDate "2022.10.05"]
[SourceQuality "1"]

1. Nf3 Nf6 2. b3 b6 3. Bb2 Bb7 4. e3 e6 5. Be2 Be7 6. c4 c5 7. d4 0-0 8. 0-0 d5 9. Nc3 Nc6 10. Rc1 cxd4 11. Nxd4 Nxd4 12. Qxd4 dxc4 13. Qxc4 Rc8 14. Qa4 Qd2 15. Ba1 Rxc3 16. Bxc3 Qxe2 17. Qxa7 Qa6 18. Qxa6 Bxa6 19. Bxf6 gxf6 20. Rfd1 Bc5 21. a3 Ra8 22. b4 Bf8 23. Rc6 Be2 24. Rd4 b5 25. f3 f5 26. e4 Rxa3 27. exf5 exf5 28. Rf4 Bd3 29. g4 Rb3 30. Rc8 Kg7 31. Rd8 Be7 32. Re8 Rxb4 33. Rxb4 Bxb4 34. g5 Bd2 35. h4 f4 36. Kg2 Be3 37. h5 h6 38. Kh3 Bf5+ 39. Kg2 hxg5 40. Re5 Bd3 41. Rxg5+ Kh6 42. Rd5 Bc4 43. Re5 b4 44. Re4 Be6 45. Rxb4 Kxh5 46. Rb5+ Kg6 47. Ra5 Kf6 48. Rb5 Bc4 49. Ra5 Ke6 50. Rg5 Bd5 51. Rh5 Kd6 52. Rh8 Ke5 53. Re8+ Kd4 54. Rd8 Kc4 55. Rd7 Be6 56. Rd8 Bd4 57. Ra8 Kd3 58. Ra4 Ke3 59. Ra3+ Ke2 60. Ra4 Be3 61. Ra5 Bc4 62. Re5 Ke1 63. Ra5 Bf1+ 64. Kh1 Kf2 65. Rf5 Bc4 66. Rxf4 Bd5 67. Rf5 Be6 68. Rf6 Bg5 69. Rf4 Kg3 70. Ra4 Kxf3 71. Ra1 Be3 72. Kh2 Bg4 73. Ra2 f5 74. Rg2 Bf2 75. Kh1 f4 76. Kh2 Bg3+ 77. Kg1 Ke3 78. Ra2 Be2 79. Kg2 Be1 80. Ra7 f3+ 81. Kh2 f2 82. Rf7 Bf3 83. Re7+ Kd2 84. Rd7+ Kc2 85. Rf7 f1Q 86. Rxf3 Qxf3 0-1

[Event "Krakow op-B"]
[Site "Krakow"]
[Date "2022.06.29"]
[Round "6"]
[White "Matuszczyk, Mateusz"]
[Black "Maciejewski, Kamil"]
[Result "0-1"]
[WhiteElo "1856"]
[BlackElo "1935"]
[PlyCount "118"]
[EventDate "2022.06.25"]
[EventType "swiss"]
[EventRounds "9"]
[EventCountry "POL"]
[SourceTitle "EXT 2023"]
[Source "ChessBase"]
[SourceDate "2022.10.05"]
[SourceVersion "1"]
[SourceVersionDate "2022.10.05"]
[SourceQuality "1"]

1. e4 e5 2. Nf3 Nc6 3. Bb5 a6 4. Ba4 Nf6 5. 0-0 Be7 6. Re1 b5 7. Bb3 d6 8. c3 0-0 9. h3 Nb8 10. d4 Nbd7 11. a4 Bb7 12. Nbd2 c5 13. Bc2 Qc7 14. Nf1 Rfc8 15. Bb1 Nb6 16. Ne3 cxd4 17. cxd4 Nxa4 18. Nd5 Nxd5 19. exd5 exd4 20. Bg5 Re8 21. Qxd4 Bxg5 22. Bxh7+ Kxh7 23. Nxg5+ Kg8 24. Qh4 Qc2 25. Rec1 Qg6 26. Rc7 Bxd5 27. Rd1 Nb6 28. Rd4 Rac8 29. Ra7 Rc4 30. Rxc4 Nxc4 31. f3 f6 32. Ne4 Bxe4 33. fxe4 Qxe4 34. Qxe4 Rxe4 35. Rxa6 Nxb2 36. Rxd6 Rb4 37. Kf2 Nc4 38. Rd8+ Kh7 39. Rb8 Rb2+ 40. Kf3 Ne5+ 41. Ke4 Rxg2 42. Rxb5 Rg3 43. h4 Rg4+ 44. Kf5 Rxh4 45. Rb7 Rh1 46. Rb2 Rf1+ 47. Ke6 g5 48. Rh2+ Kg6 49. Rh8 g4 50. Rf8 Kg5 51. Rg8+ Kh4 52. Rh8+ Kg3 53. Rh5 Kg2 54. Kd5 g3 55. Ke4 Kg1 56. Ke3 g2 57. Ke2 Rf2+ 58. Ke1 Nf3+ 59. Kd1 Kf1 0-1

[Event "Krakow op-B"]
[Site "Krakow"]
[Date "2022.06.26"]
[Round "3"]
[White "Maciejewski, Kamil"]
[Black "Stemmler, Fabian"]
[Result "0-1"]
[WhiteElo "1935"]
[BlackElo "2054"]
[PlyCount "138"]
[EventDate "2022.06.25"]
[EventType "swiss"]
[EventRounds "9"]
[EventCountry "POL"]
[SourceTitle "EXT 2023"]
[Source "ChessBase"]
[SourceDate "2022.10.05"]
[SourceVersion "1"]
[SourceVersionDate "2022.10.05"]
[SourceQuality "1"]

1. Nf3 f5 2. d3 Nc6 3. d4 e6 4. c4 Nf6 5. Nc3 Bb4 6. d5 Bxc3+ 7. bxc3 Ne7 8. Bg5 Ne4 9. Qd4 Nxg5 10. Nxg5 Ng6 11. h4 e5 12. Qd2 h6 13. Nf3 d6 14. h5 Ne7 15. g3 0-0 16. Bg2 Qe8 17. Qc2 Bd7 18. Nd2 c5 19. f4 exf4 20. gxf4 Qf7 21. Bf3 Kh8 22. Kf2 Ng8 23. Rag1 Nf6 24. e3 Rae8 25. Nf1 Re7 26. Ng3 Rfe8 27. Re1 Ne4+ 28. Bxe4 fxe4 29. Rh4 Qf6 30. Reh1 b5 31. cxb5 Bxb5 32. c4 Bd7 33. R4h2 Bg4 34. Rb1 Bf3 35. Rb3 Rf7 36. Qb2 Qd8 37. Qc3 Qa8 38. Ne2 Rb7 39. Ng1 Bd1 40. Rxb7 Qxb7 41. Qc1 Bg4 42. Kg3 Bf5 43. Rb2 Qf7 44. Qd1 Rg8 45. Rh2 g5 46. Qa1+ Kh7 47. Kf2 gxf4 48. exf4 Bg4 49. Ke3 Rf8 50. Rf2 Bf3 51. Nh3 Qf5 52. Rh2 Bg4 53. Qf1 Qf6 54. Kf2 Bxh3 55. Qxh3 Qxf4+ 56. Ke2 Rf7 57. Qg2 Rg7 58. Qf2 Qg4+ 59. Kd2 Qg5+ 60. Qe3 Qe5 61. Re2 Re7 62. Qc3 Qxh5 63. Rg2 e3+ 64. Kc2 Qf5+ 65. Kb2 e2 66. Rg1 Qe5 67. Re1 Qxc3+ 68. Kxc3 h5 69. Kd3 Kh6 0-1

[Event "POL-ch U20"]
[Site "Pokrzywna"]
[Date "2021.12.12"]
[Round "8"]
[White "Panek, Bartosz"]
[Black "Maciejewski, Kamil"]
[Result "1-0"]
[WhiteElo "2073"]
[BlackElo "1884"]
[PlyCount "105"]
[EventDate "2021.12.06"]
[EventType "swiss"]
[EventRounds "9"]
[EventCountry "POL"]
[SourceTitle "CBM 205 Extra"]
[Source "ChessBase"]
[SourceDate "2022.01.31"]
[SourceVersion "1"]
[SourceVersionDate "2022.01.31"]
[SourceQuality "1"]

1. e4 e5 2. Nf3 Nc6 3. Bc4 Nf6 4. d3 Be7 5. 0-0 0-0 6. Re1 d6 7. h3 Na5 8. Bb3 a6 9. Nbd2 h6 10. Nf1 Nxb3 11. axb3 Nh7 12. d4 Bf6 13. Ng3 Re8 14. Be3 Ng5 15. d5 Nxf3+ 16. Qxf3 Bg5 17. b4 Bd7 18. c4 Rf8 19. Nf5 Qf6 20. Ra3 Kh7 21. Bxg5 Qxg5 22. h4 Qf6 23. Qh5 Qg6 24. Qxg6+ fxg6 25. Ng3 Rf4 26. c5 Raf8 27. f3 Rxh4 28. cxd6 cxd6 29. Rc1 Bb5 30. Rc7 Rhf4 31. Rxb7 h5 32. Rc3 h4 33. Nh1 h3 34. Nf2 hxg2 35. Kxg2 R4f7 36. Rb6 Rf6 37. Ng4 Rf4 38. Rxd6 Re8 39. Rc7 Kh8 40. Rxg6 Be2 41. Nh2 Rg8 42. Rg5 Kh7 43. Rh5+ Kg6 44. Rxe5 Rgf8 45. Re6+ Kh7 46. Ree7 Bxf3+ 47. Nxf3 Rxf3 48. Rxg7+ Kh6 49. Rh7+ Kg5 50. Rcg7+ Kf4 51. Rf7+ Ke3 52. Rxf3+ Rxf3 53. Rh3 1-0

[Event "POL-ch U20"]
[Site "Pokrzywna"]
[Date "2021.12.06"]
[Round "2"]
[White "Maciejewski, Kamil"]
[Black "Janeczko, Jakub"]
[Result "0-1"]
[WhiteElo "1884"]
[BlackElo "2091"]
[PlyCount "132"]
[EventDate "2021.12.06"]
[EventType "swiss"]
[EventRounds "9"]
[EventCountry "POL"]
[SourceTitle "CBM 205 Extra"]
[Source "ChessBase"]
[SourceDate "2022.01.31"]
[SourceVersion "1"]
[SourceVersionDate "2022.01.31"]
[SourceQuality "1"]

1. Nf3 c5 2. c4 Nc6 3. b3 g6 4. Bb2 Nf6 5. g3 Bg7 6. Bg2 0-0 7. 0-0 d6 8. d4 cxd4 9. Nxd4 Nxd4 10. Qxd4 Qa5 11. Nc3 Be6 12. Qd2 Rab8 13. Rad1 Rfc8 14. e4 a6 15. Nd5 Qxd2 16. Rxd2 Bxd5 17. exd5 b5 18. cxb5 axb5 19. Re1 Kf8 20. a3 Ne8 21. Bxg7+ Nxg7 22. Bf1 Rc3 23. Rd3 Rc2 24. Ra1 Ne8 25. Rd4 Nc7 26. Rb4 Rc5 27. a4 Rxd5 28. axb5 Rc5 29. Ra7 Rb6 30. Rc4 Nxb5 31. Ra8+ Kg7 32. Rb4 Nc7 33. Rxb6 Nxa8 34. Rb7 Nc7 35. b4 Rc1 36. b5 Nd5 37. Kg2 Kf6 38. Rb8 Rb1 39. Bc4 Nc3 40. b6 Na4 41. b7 Nc5 42. Rf8 Rxb7 43. Rxf7+ Ke5 44. Rxh7 d5 45. Be2 d4 46. Bf3 Ra7 47. h4 Nd3 48. Be2 Nb2 49. h5 d3 50. Bg4 gxh5 51. Rxh5+ Kd4 52. Rh8 Ra4 53. Rd8+ Kc3 54. Bf3 d2 55. Re8 Re4 56. Rc8+ Rc4 57. Re8 Re4 58. Rc8+ Kd3 59. Rd8+ Rd4 60. Re8 Rd7 61. g4 Kd4 62. Kg3 Ke5 63. Rb8 Rd3 64. Rb5+ Kf6 65. Rb6+ Kg7 66. Rxb2 d1Q 0-1

[Event "Poronin Tatra Limba op"]
[Site "Poronin"]
[Date "2021.05.26"]
[Round "7"]
[White "Siekanska, Zuzanna"]
[Black "Maciejewski, Kamil"]
[Result "1/2-1/2"]
[WhiteElo "1763"]
[BlackElo "1969"]
[PlyCount "48"]
[EventDate "2021.05.22"]
[EventType "swiss"]
[EventRounds "9"]
[EventCountry "POL"]
[SourceTitle "EXT 2022"]
[Source "ChessBase"]
[SourceDate "2021.10.06"]
[SourceVersion "1"]
[SourceVersionDate "2021.10.06"]
[SourceQuality "1"]

1. d4 Nf6 2. c4 e6 3. Nf3 d5 4. Nc3 Bb4 5. Qb3 a5 6. a3 a4 7. Qc2 Bxc3+ 8. Qxc3 Ne4 9. Qc2 Nc6 10. Bf4 g5 11. Be3 f5 12. Ne5 Nxe5 13. dxe5 f4 14. Bd4 c5 15. Bc3 Nxc3 16. bxc3 Qc7 17. Rd1 Qxe5 18. Qd3 b6 19. cxd5 exd5 20. Qxd5 Qxc3+ 21. Rd2 Qc1+ 22. Rd1 Qc3+ 23. Rd2 Qc1+ 24. Rd1 Qc3+ 1/2-1/2

[Event "Poronin Tatra Limba op"]
[Site "Poronin"]
[Date "2021.05.24"]
[Round "3"]
[White "Bartel, Michal"]
[Black "Maciejewski, Kamil"]
[Result "1-0"]
[WhiteElo "2262"]
[BlackElo "1969"]
[PlyCount "59"]
[EventDate "2021.05.22"]
[EventType "swiss"]
[EventRounds "9"]
[EventCountry "POL"]
[SourceTitle "EXT 2022"]
[Source "ChessBase"]
[SourceDate "2021.10.06"]
[SourceVersion "1"]
[SourceVersionDate "2021.10.06"]
[SourceQuality "1"]

1. d4 Nf6 2. Bf4 d5 3. e3 c5 4. c3 Nc6 5. Nd2 e6 6. Bd3 Bd6 7. Ngf3 0-0 8. Ne5 Qc7 9. Ndf3 b6 10. 0-0 Bb7 11. Rc1 Ne4 12. c4 Nb4 13. Bb1 f6 14. a3 Na6 15. cxd5 exd5 16. dxc5 Bxe5 17. c6 Bxc6 18. Nd4 Nac5 19. b4 Bxf4 20. exf4 Qxf4 21. bxc5 Bd7 22. Ba2 Qg5 23. Nf3 Qh5 24. Qxd5+ Qxd5 25. Bxd5+ Kh8 26. Bxe4 Rae8 27. c6 Bg4 28. Rfe1 f5 29. Bd5 Rd8 30. c7 1-0

[Event "Poronin Tatra Limba op"]
[Site "Poronin"]
[Date "2021.05.24"]
[Round "4"]
[White "Maciejewski, Kamil"]
[Black "Galant, Ireneusz"]
[Result "0-1"]
[WhiteElo "1969"]
[BlackElo "1827"]
[PlyCount "80"]
[EventDate "2021.05.22"]
[EventType "swiss"]
[EventRounds "9"]
[EventCountry "POL"]
[SourceTitle "EXT 2022"]
[Source "ChessBase"]
[SourceDate "2021.10.06"]
[SourceVersion "1"]
[SourceVersionDate "2021.10.06"]
[SourceQuality "1"]

1. Nf3 c5 2. g3 g6 3. c4 Bg7 4. Nc3 Nc6 5. Bg2 e5 6. 0-0 d6 7. Ne1 Be6 8. d3 Qd7 9. Nc2 Bh3 10. Ne3 h5 11. Ne4 h4 12. Bxh3 Qxh3 13. g4 Bh6 14. f4 Bxf4 15. Rxf4 exf4 16. Ng5 Qxe3+ 17. Bxe3 fxe3 18. Qf1 f6 19. Ne4 0-0-0 20. Qf4 Ne5 21. h3 Kc7 22. Qxe3 b6 23. Rf1 f5 24. gxf5 gxf5 25. Rxf5 Ne7 26. Rf6 N7c6 27. Ng5 Rde8 28. Re6 Reg8 29. Kh2 Kd7 30. Rf6 Re8 31. Ne4 Kc7 32. Rxd6 Rhg8 33. Rh6 Nd4 34. Rxh4 Ref8 35. Rh7+ Kb8 36. Re7 Nef3+ 37. exf3 Rxf3 38. Qh6 Rf2+ 39. Nxf2 Nf3+ 40. Kh1 Rg1# 0-1

[Event "Poronin Tatra Limba op"]
[Site "Poronin"]
[Date "2021.05.22"]
[Round "1"]
[White "Socko, Monika"]
[Black "Maciejewski, Kamil"]
[Result "1-0"]
[WhiteElo "2421"]
[BlackElo "1969"]
[PlyCount "105"]
[EventDate "2021.05.22"]
[EventType "swiss"]
[EventRounds "9"]
[EventCountry "POL"]
[SourceTitle "EXT 2022"]
[Source "ChessBase"]
[SourceDate "2021.10.06"]
[SourceVersion "1"]
[SourceVersionDate "2021.10.06"]
[SourceQuality "1"]

1. d4 Nf6 2. c4 e6 3. Nf3 b6 4. g3 Bb7 5. Bg2 Be7 6. 0-0 0-0 7. Re1 d5 8. cxd5 exd5 9. Nc3 Nbd7 10. Bf4 Ne4 11. Rc1 Nxc3 12. bxc3 Re8 13. Qa4 Nf8 14. Ne5 Bd6 15. c4 Bxe5 16. dxe5 c6 17. cxd5 cxd5 18. Red1 Ne6 19. Qb3 Nxf4 20. gxf4 Qh4 21. Qg3 Qxg3 22. fxg3 Rac8 23. Rxc8 Rxc8 24. Bxd5 Bxd5 25. Rxd5 Kf8 26. Rd7 Rc2 27. a4 a5 28. Kf2 Rc4 29. Rb7 Rxa4 30. Rxb6 Ra3 31. f5 a4 32. Rb8+ Ke7 33. Rb7+ Kf8 34. Ra7 Ra2 35. g4 h6 36. Ra8+ Ke7 37. Rg8 a3 38. e6 fxe6 39. Rxg7+ Kf8 40. Ra7 exf5 41. gxf5 Ra1 42. Ke3 Rf1 43. Ke4 Rf2 44. e3 a2 45. h4 Rb2 46. Kf4 Rh2 47. Ke5 Rb2 48. e4 Rb5+ 49. Kf4 Rb2 50. f6 Rf2+ 51. Ke5 Rb2 52. Kf5 Rb5+ 53. e5 1-0

[Event "POL-ch U18"]
[Site "Szklarska Poreba"]
[Date "2021.03.16"]
[Round "4"]
[White "Maciejewski, Kamil"]
[Black "Haliniak, Wojciech"]
[Result "1-0"]
[WhiteElo "1942"]
[BlackElo "1802"]
[PlyCount "163"]
[EventDate "2021.03.13"]
[EventType "swiss"]
[EventRounds "9"]
[EventCountry "POL"]
[SourceTitle "CBM 201 Extra"]
[Source "ChessBase"]
[SourceDate "2021.05.31"]
[SourceVersion "1"]
[SourceVersionDate "2021.05.31"]
[SourceQuality "1"]

1. Nf3 f5 2. d3 Nc6 3. d4 e6 4. g3 Nf6 5. Bg2 d6 6. 0-0 g6 7. c4 Bg7 8. d5 exd5 9. cxd5 Ne5 10. Nd4 0-0 11. Nc3 Qe7 12. Qb3 Neg4 13. h3 Ne4 14. Ne6 Nxc3 15. bxc3 Bxe6 16. dxe6 Nf6 17. Qxb7 Rab8 18. Qxa7 Ne4 19. Bxe4 fxe4 20. Be3 Qxe6 21. Bd4 Bxd4 22. Qxd4 Rb5 23. Kg2 Rh5 24. Rh1 e3 25. f3 Rb8 26. Qg4 Rf5 27. Rab1 Rxb1 28. Rxb1 Qxa2 29. Rb8+ Kg7 30. f4 Qd2 31. Re8 Qxc3 32. Re7+ Rf7 33. Rxf7+ Kxf7 34. Qd7+ Kg8 35. Qe8+ Kg7 36. Qe7+ Kg8 37. Qe8+ Kg7 38. Qe7+ Kg8 39. Qe6+ Kg7 40. Qd7+ Kg8 41. g4 Qd4 42. Qd8+ Kf7 43. Qxc7+ Kf6 44. Qd8+ Kf7 45. Qd7+ Kf8 46. Qd8+ Kf7 47. Qd7+ Kf8 48. Kf3 Qd5+ 49. Kxe3 Qb3+ 50. Kf2 Qxh3 51. Qxd6+ Kf7 52. Qd5+ Kf8 53. Qa8+ Kf7 54. Qg2 Qh4+ 55. Qg3 Qe7 56. Qb3+ Kg7 57. Qc3+ Kf7 58. Qc4+ Ke8 59. Qg8+ Kd7 60. Qd5+ Kc7 61. g5 h5 62. gxh6 Qh4+ 63. Ke3 Qxh6 64. Qf7+ Kd6 65. Qf6+ Kd7 66. Kd4 Qh5 67. Qe5 Qg4 68. Kd5 Qg2+ 69. Qe4 Qg3 70. e3 Qg4 71. Qa4+ Ke7 72. Qa7+ Kf8 73. Qb8+ Kf7 74. Qc7+ Kf8 75. Qd6+ Kf7 76. Qc7+ Kf8 77. Qe5 Qd1+ 78. Ke6 Qb3+ 79. Kf6 Qb7 80. Qd6+ Kg8 81. Qd8+ Kh7 82. Qe7+ 1-0

[Event "POL-ch U18"]
[Site "Szklarska Poreba"]
[Date "2021.03.13"]
[Round "1"]
[White "Seemann, Jakub"]
[Black "Maciejewski, Kamil"]
[Result "1-0"]
[WhiteElo "2311"]
[BlackElo "1942"]
[PlyCount "141"]
[EventDate "2021.03.13"]
[EventType "swiss"]
[EventRounds "9"]
[EventCountry "POL"]
[SourceTitle "CBM 201 Extra"]
[Source "ChessBase"]
[SourceDate "2021.05.31"]
[SourceVersion "1"]
[SourceVersionDate "2021.05.31"]
[SourceQuality "1"]

1. Nf3 Nf6 2. c4 e6 3. Nc3 d5 4. d4 Bb4 5. Qa4+ Nc6 6. a3 Bxc3+ 7. bxc3 Bd7 8. Qc2 dxc4 9. e4 Na5 10. Bg5 h6 11. Bxf6 gxf6 12. Rd1 Qe7 13. Qb2 b5 14. Be2 Rb8 15. 0-0 Rb6 16. Qd2 Nc6 17. d5 Ne5 18. Nxe5 fxe5 19. f4 exf4 20. dxe6 Bxe6 21. Qxf4 Rg8 22. Bf3 Rg5 23. Kh1 Bc8 24. e5 Rf5 25. Qd4 Rxe5 26. Bh5 Rf6 27. Rxf6 Qxf6 28. Bf3 Qe7 29. Qd2 Qg5 30. Qd4 Qe7 31. Rf1 Bd7 32. Qxa7 Qc5 33. Qb8+ Ke7 34. h3 Qd6 35. Rd1 Qb6 36. Qh8 Re6 37. Bg4 Rd6 38. Re1+ Be6 39. Qxh6 Qf2 40. Qg5+ Kf8 41. Qh6+ Ke7 42. Re2 Qg3 43. Re3 Qf2 44. Bxe6 Rxe6 45. Qg5+ Kd6 46. Rf3 Qe1+ 47. Kh2 Qe5+ 48. Qxe5+ Rxe5 49. h4 Ke7 50. Kh3 Re1 51. h5 Ra1 52. Kh4 Rxa3 53. h6 Ra8 54. Kh5 c5 55. h7 b4 56. Re3+ Kf6 57. Kh6 b3 58. Re2 Rb8 59. g4 Ra8 60. Rf2+ Ke5 61. Rxf7 Ke4 62. g5 b2 63. Rb7 Kd3 64. g6 Kxc3 65. g7 Ra6+ 66. Kg5 Ra7 67. g8Q Rxb7 68. h8Q+ Kb3 69. Qh3+ Kb4 70. Qf1 Ka3 71. Qa8+ 1-0